Groups that South Park may offend Quiz Stats

Quiz not verified by Sporcle

Also try: TV by Numbers II
Challenge
Share
Tweet
Embed
Score 0/37 Timer 04:00
0 Plays Today
group % Correct
jews
82.8%
christians
65.6%
muslims
60%
gays
57.2%
lesbians
54.9%
mexicans
45.7%
chinese
45.6%
black people
42.2%
japanese
39.8%
canadians
38.9%
scientologists
38.8%
mormons
34.5%
british
26.4%
fat people
24.6%
french
23.9%
gingers
20.6%
physically disabled
16.6%
environmentalists
16%
poor people
15.3%
group % Correct
mentally disabled
13.9%
rednecks
13.6%
native americans
12.4%
italians
12%
hippies
11.4%
old people
11%
mongolians
9.2%
goths
6.7%
people with cancer, aids etc.
6.2%
homeless people
5.7%
harley-bikers
5.1%
midgets
5%
somalians
4.2%
vegetarians
4%
WoW players
3.8%
immigrants
3.4%
people with tourettes
2.9%
amazonians, south americans
2.6%

You're not logged in!

Compare scores with friends on all Sporcle quizzes.
Sign Up with Email
OR
Log In

You Might Also Like...

Show Comments

Extras

Top Quizzes Today


Score Distribution

Your Account Isn't Verified!

In order to create a playlist on Sporcle, you need to verify the email address you used during registration. Go to your Sporcle Settings to finish the process.